000 00687nam a2200241 a 4500
008
020 _a013482489x (hbk.)
049 _aMAIN
090 _aQR41.2 MIT
100 1 _aMitchell Ralph.
245 1 0 _aIntroduction to environmental microbiology/
_cRalph Mitchell.
260 _aEnglewood Cliffs :
_bPrentice Hall,
_c1974.
300 _axi, 355p. :
_bill. ;
_c24 cm.
500 _aIncludes index
650 0 _aMicrobiology.
650 0 _aMicrobial ecology.
650 0 _aIndustrial microbiology.
907 _a.b10223903
_b31-01-07
_c16-01-07
003
005 20230123134321.0
040 _cNUST
942 _cBOOKS
_kQR41.2 MIT
999 _c163781
_d163781